000 00636nam a2200241 i 4500
001 C2-0113921
003 PPAK
005 20180727104434.0
008 970708s1988 nyua|||| ||||| | eng d
020 _a0345353005
040 _aPPAK
_beng
_cPPAK
_erda
082 0 4 _a823
_223
090 0 0 _a823
_bMcK
_dG
100 1 _aMc Kinnedy, Jack,
_eauthor
245 1 4 _aThe devils hand
264 1 _aNew York :
_bBallantine Books ,
_c1988
300 _a214 pages :
_billustrations ;
_c17 cm
336 _2rdacontent
_atext
337 _2rdamedia
_aunmediated
338 _2rdacarrier
_avolume
650 1 0 _aEnglish fiction
942 _ddc
_cB
999 _c28938
_d28938